| 000 | 01525nam a22002537a 4500 | ||
|---|---|---|---|
| 999 |
_c58926 _d58926 |
||
| 003 | Ge_BSU | ||
| 005 | 20221019155744.0 | ||
| 008 | 221019s2019 ge ||||| |||| 00| 0 geo d | ||
| 020 | _a9789941264474 | ||
| 041 | _ageo | ||
| 080 | _a327(479.22:4) ჯ-22 | ||
| 100 |
_aჯაფარიძე, ედიშერ _915374 |
||
| 245 |
_aევროინტეგრაციის სათავეეებთან : _b[მიხეილ მუსხელიშვილი და ალექსანდრე ნიკურაძე : მონოგრაფია] / _cედიშერ ჯაფარიძე ; რედაქტორი დავით მუსხელიშვილი. |
||
| 264 |
_aთბილისი : _bუნივერსალი, _c2019. |
||
| 300 |
_a224 გვ. : _bფოტ. ; _c21 სმ. |
||
| 500 | _aთავფურცლის მე-3 გვერდი და რეზიუმე ინგლისურ ენაზე. | ||
| 504 | _aბიბლიოგრაფია: გვ. 208-219. | ||
| 653 | _aმუსხელიშვილი, მიხეილ, 1903-1964. | ||
| 653 | _aნიკურაძე, ალექსანდრე, 1901-1980. | ||
| 653 | _aსაქართველო-ევროპის ურთიერთობები. | ||
| 653 | _aევროინტეგრაცია. | ||
| 700 |
_aმუსხელიშვილი, დავით _eრედაქტორი. _915375 |
||
| 942 |
_2udc _cBK |
||